| 000 | 00433cam a22001457a 4500 | ||
|---|---|---|---|
| 008 | 180718b1995 xxu||||| |||| 00| 0 eng d | ||
| 020 | _a1859720218 | ||
| 082 | _aT41x54 B299 | ||
| 100 | _aBasu, Dipak R. | ||
| 245 |
_aMonetary and financial planning for a transitory economy _cby Dipak R. Basu |
||
| 260 |
_aAldershot _bAvebury _c1995 |
||
| 300 | _a150p. | ||
| 650 | _aIndia - Economic policy | ||
| 650 | _aIndia - Economic conditions | ||
| 999 |
_c378433 _d378433 |
||